000 00769nam a22002531 4500
001 34331
003 BD-RjUL
005 20211209052137.0
008 140515s1968 nyu b 001 0 eng d
035 _a(BD-RjUL)34425
040 _aDLC
_cDLC
_dBD-RjUL
_beng
041 _aeng
082 0 0 _a301.09
_bZEI 1968
100 1 _aZeitlin, Irving M.
_9104395
245 1 0 _aIdeology and the development of sociological theory /
_c[by] Irving M. Zeitlin.
260 _aEnglewood Cliffs, N.J. :
_bPrentice-Hall,
_c1968.
300 _ax, 326 p. ;
_c24 cm.
490 0 _aPrentice-Hall sociology series
504 _aIncludes index and Bibliographical footnotes.
650 0 _aSociology
_xHistory.
_9104396
942 _2ddc
_cBK
999 _c34331
_d34331